Zgadnij państwa w górach - Statystyki

Ogólne statystyki
  • Ten quiz został rozwiązany 507 razy
  • Średni wynik to 6 z 10
Odpowiedzi na mapie
Odpowiedzi zakodowano w zielono-czerwonej skali na mapie do tego quizu, zgodnie z poniższymi procentami.
 
Statystyki odpowiedzi
Odpowiedź % Poprawnych
Rosja
98%
Norwegia
97%
Liban
78%
Nowa Zelandia
77%
Słowacja
74%
Erytrea
48%
Gujana
48%
Słowenia
40%
Jordania
31%
Wyspy Salomona
19%
Nie znaleziono quizów pasujących do podanych kryteriów
Rozkład punktacji
Procent ludzi z każdym wynikiem
Percentyl według liczby udzielonych odpowiedzi
Twoja historia wyników
Nie rozwiązałeś tego quizu